000
00190nam a2200085Ia 4500
008
250605s9999 xx 000 0 und d
041
_a
eng
100
_a
Pooja Kumari
245
_a
Solve Foundation
999
_c
45298
_d
45298